Statistics for Riverdale

Click here to take the quiz!

General Stats

  • This quiz has been taken 1,608 times
  • The average score is 10 of 12

Answer Stats

Hint Answer % Correct
who dies?Jason Blossom
98%
Who is Betty's next door neighbor?Archie Andrews
97%
Who is the new girl?Veronica Lodge
96%
Who used to live in the drive in?Jughead Jones
93%
Who is Jason Blossom's twin?Cheryl Blossom
93%
What's Betty's last name?Cooper
91%
Who is Betty's sister?Polly Cooper
89%
Where is Veronica's father?Jail
88%
How does he die?Shot in the head
81%
Who is Betty's best friend(male)?Kevin Keller
78%
What is the band called?Josie and the Pussycats
53%
What is the name of Archie's fathers company?Andrews Constucrtion
0%

Score Distribution

Percentile by Number Answered

Percent of People with Each Score

Your Score History

You have not taken this quiz